L'altra domenica /

সংরক্ষণ করুন:
গ্রন্থ-পঞ্জীর বিবরন
প্রধান লেখক: Straniero, Giorgio (লেখক), Straniero, Michele L., (1936-2000) (লেখক)
বিন্যাস: গ্রন্থ
ভাষা:ইতালিয়
প্রকাশিত: Milano : Gammalibri, 1979
মালা:Documento ; 6
বিষয়গুলি:
ট্যাগগুলো: ট্যাগ যুক্ত করুন
কোনো ট্যাগ নেই, প্রথমজন হিসাবে ট্যাগ করুন!

MARC

LEADER 00000nam a22000007i 4500
001 IT\ICCU\SBL\0329573
003 ItRI
005 20260115232300.0
008 910930s1979 it |||||| ||||| |||||c
015 |2 IT  |a 806496 
040 |b ita  |c importazione bologna sebina 
041 7 |a ita  |2 ISO-639-2 
082 |a 791.45  |9 TELEVISIONE  |2 18 
100 1 |a Straniero, Giorgio  |0 IT\ICCU\RAVV\044344  |4 aut 
245 1 2 |a L'altra domenica /  |c Giorgio Straniero, Michele L. Straniero. 
260 |a Milano :  |b Gammalibri,  |c 1979 
300 |a 124 p. ;  |c 21 cm . 
650 7 |a L'*altra domenica <trasmissione televisiva>  |2 scbi 
700 1 |a Straniero, Michele L.,  |d  (1936-2000)  |0 IT\ICCU\CFIV\031777  |4 aut 
790 1 |a Straniero, Michele,  |d  (1936-2000)  |3 IT\ICCU\BVEV\003883  |z Straniero, Michele L. (1936-2000) 
790 1 |a Straniero, Michele Luciano,  |d  (1936-2000)  |3 IT\ICCU\SBNV\058021  |z Straniero, Michele L. (1936-2000) 
830 0 |a Documento ;  |v 6  |0 IT\ICCU\RAV\0005675 
942 |2 ddc  |c BK  |n 0 
952 |0 0  |1 0  |4 0  |6 DOC_791_457000000000000_STR  |7 0  |9 23524  |a BO  |b BO  |d 2026-01-15  |i 15550  |l 0  |o DOC 791.457 STR  |p BO15550  |r 2026-01-15 23:23:00  |w 2026-01-15  |x [Sebina 5] [1 v.]  |y BK  |z 1 v. (2. copia) 
952 |0 0  |1 0  |4 0  |6 DOC_791_457000000000000_STR  |7 0  |9 23525  |a BO  |b BO  |d 2026-01-15  |i 2406  |l 0  |o DOC 791.457 STR  |p BO2406  |r 2026-01-15 23:23:00  |w 2026-01-15  |x [Sebina 7] [1 v.]  |y BK  |z 1 v. 
999 |c 20041  |d 20041